The creators

Αποθηκεύτηκε σε:
Λεπτομέρειες βιβλιογραφικής εγγραφής
Κύριος συγγραφέας: Boorstin, Daniel J. (Daniel Joseph), 1914-2004
Μορφή: Βιβλίο
Γλώσσα:English
Δημοσίευση: New York : Vintage Books, [1993]
Θέματα:
Ετικέτες: Προσθήκη ετικέτας
Δεν υπάρχουν, Καταχωρήστε ετικέτα πρώτοι!

MARC

LEADER 00000cam a2200000 i 4500
001 1/29734
008 060517s1993 eng d
020 |a 0-679-74375-8 (pbk.) 
035 |l 10083971 
040 |a GR-MY-UA  |b gre  |e aacr 
041 0 |a eng 
082 0 |a 909  |2 (22) 
100 1 |a Boorstin, Daniel J.   |q (Daniel Joseph),   |d 1914-2004. 
245 1 4 |a The creators /  |c Daniel J. Boorstin 
260 |a New York :   |b Vintage Books,   |c [1993] 
300 |a xiv, 811 σ.;  |c 21 εκ. 
504 |a Βιβλιογραφία: σ. [751]-777. Ευρετήριο 
650 0 0 |a Civilization  |x History. 
650 0 0 |a Arts and society. 
650 0 0 |a Creation. 
852 |a INST  |b RHODES  |c KRI  |e 20060517  |h  909 BOO  |p 005400020823  |q 005400020823  |t BK  |y 0 
901 |a BIBL4-2006-2 
909 |a Ρ  |b 123649 
970 |a ΚΟΖΑ  |b ΜΑΡΙΑ  |z 2006/05/17